Voices to Verses; (Record no. 210320)

MARC details
000 -LEADER
fixed length control field 00628nam a22002057a 4500
005 - DATE AND TIME OF LATEST TRANSACTION
control field 20250317143855.0
010 ## - LCCN (DPL NO)
LC control number ENG-144109
020 ## - INTERNATIONAL STANDARD BOOK NUMBER
International Standard Book Number 9788184621327
Terms of availability 350.00
035 ## - SYSTEM CONTROL NUMBER
System control number EN-127641
037 ## - SOURCE OF ACQUISITION
Stock number DBAD
082 ## - DEWEY DECIMAL CLASSIFICATION NUMBER
Classification number 881
100 ## - MAIN ENTRY--PERSONAL NAME
Personal name Wadhwani, Monisha
245 ## - TITLE STATEMENT
Title Voices to Verses;
Remainder of title 40 Invocations/
Statement of responsibility, etc Monisha Wadhwani
250 ## - EDITION STATEMENT
Edition statement 1
260 ## - PUBLICATION, DISTRIBUTION, ETC. (IMPRINT)
Place of publication, distribution, etc Mumbai
Name of publisher, distributor, etc Vakils, Feffer and Simons pvt. ltd.
Date of publication, distribution, etc 2016
270 ## - ADDRESS
Address Industry manor, Appasaheb Marathe Marg, Prabhadevi
City Mumbai
Postal code 400025
Electronic mail address info@vakilspublications.com
300 ## - PHYSICAL DESCRIPTION
Extent 87p.
Dimensions 23cm(pb)
760 ## - MAIN SERIES ENTRY
Edition 1
942 ## - ADDED ENTRY ELEMENTS (KOHA)
Source of classification or shelving scheme Dewey Decimal Classification
Item type English Books
Classification part 881
Call number suffix WAD
Holdings
Withdrawn status Lost status Not for loan Collection code Home library Current library Date acquired Source of acquisition Cost, normal purchase price Full call number Barcode Cost, replacement price Koha item type
      Non-fiction Janak Puri Janak Puri 17/03/2025 DBAD 350.00 881 WAD EN-127641 350.00 English Books

© Delhi Public Library
Hit Counter
free hit counter